LEADER 01451nam a2200325 i 4500 001 000000121548 003 CaOOAMICUS 005 20260427094354.0 008 070119s1988 it u000 u ita u 020 $a88-18-89003-4 040 $aSeMil$bita 100 1 $aMolti Trofei .$0(OLS)http://semarc/name/42110 240 10$aPlenty-coups Chief of the Crows.$0(OLS)http://semarc/title/142468 245 14$aUna vita sul sentiero di guerra :$bautobiografia di un capo Crow /$cMolti Trofei ; a cura di Frank B. Linderman. 250 $a2. ed. 264 1$aMilano :$bRusconi,$c1988. 300 $a271 p., [16] p. di tav. ;$c22 cm. 490 1 $aLa sacra pipa 650 4$aMolti Trofei - Autobiografia.$0(OLS)http://semarc/subject/17303 650 4$aIndiani d'America - Crow (Absaroke).$0(OLS)http://semarc/subject/23002 700 1 $aLinderman, Frank B.$0(OLS)http://semarc/name/42111 830 3$aLa sacra pipa.$0(OLS)http://semarc/title/14219 850 $aSeMil 852 $aSeMil$W1$xVenegono$y1$m3R IV 20$j270974$B76617$CSeMilBibl$Z2$F78309 $81 941 1 $a3 961 $aOmaggio: Colombo Card. Giovanni 996 $6020$a88-18-89003-4$9(OLS)http://semarc/number/107035 996 $6245$aUna vita sul sentiero di guerra :$bautobiografia di un capo Crow$9(OLS)http://semarc/title/142467 996 $6264$aMilano :$bRusconi$9(OLS)http://semarc/publisher/30258